| 000 | 00518nam a2200169Ia 4500 | ||
|---|---|---|---|
| 999 |
_c786 _d786 |
||
| 003 | OSt | ||
| 005 | 20201223114955.0 | ||
| 008 | 190216s9999||||xx |||||||||||||| ||und|| | ||
| 040 | _coclc | ||
| 082 |
_a297.122594812 _bIRU/Q |
||
| 100 |
_aIrumbuzhi, Muhyudheen Mohammed _97803 |
||
| 245 | 0 |
_aQuraninte Athmavu / _cMuhyudheen Mohammed Irumbuzhi |
|
| 260 |
_bStraight Path Quran Edn, _aManjeri: |
||
| 300 | _a764p | ||
| 650 | _aArabic | ||
| 942 |
_cBK _2ddc _h297.122594812 _iIRU/Q _k297.122594812 _mIRU/Q |
||